La monnaie histoire de l'or, de l'argent et du papier

Guardado en:
Detalles Bibliográficos
Formato: Libro
Lenguaje:francés
Publicado: Paris Léopold Cerf 1882
Etiquetas: Agregar Etiqueta
Sin Etiquetas, Sea el primero en etiquetar este registro!

MARC

LEADER 00000nam a2200000 4500
001 0306950
005 20250211114944.2
041 0 |a fre 
044 |a FR 
245 1 0 |a La monnaie  |b histoire de l'or, de l'argent et du papier  |c J. Dalséme 
264 1 |a Paris  |b Léopold Cerf  |c 1882